000
00284cam a2200133ua 4500
041
_a
eng
_h
100
_a
Munshi, A.D .
245
_a
Improved ways of chilly cultivation
260
_a
:
_b
Dept.Ex ,
_c
1999.
300
_a
; .
504
_a
942
_c
BK
999
_c
13005
_d
13005